地下鉄のある都市(日本) - Statistics

General Stats
  • This quiz has been taken 165 times
  • The average score is 9 of 9
Answer Stats
Answer % Correct
大阪
100%
札幌
99%
仙台
99%
東京
99%
名古屋
99%
京都
99%
福岡
99%
横浜
97%
神戸
97%
No matching quizzes found
Score Distribution
Percent of People with Each Score
Percentile by Number Answered
Your Score History
You have not taken this quiz